Human resource management: Text and cases (Record no. 29133)

MARC details
000 -LEADER
fixed length control field 00478nam a2200181Ia 4500
008 - FIXED-LENGTH DATA ELEMENTS--GENERAL INFORMATION
fixed length control field 230917s9999||||xx |||||||||||||| ||und||
020 ## - ISBN
Price RS1299
040 ## - CATALOGING SOURCE
-- 247660
Original cataloging agency VIVEKANANDA LIBRARY
041 ## - Language
-- English
082 ## - DDC NUMBER
Classification number 658.3 R18H(3)
100 ## - MAIN ENTRY--PERSONAL NAME
Personal name Rao, V S P
245 #0 - TITLE STATEMENT
Title Human resource management: Text and cases
250 ## - EDITION STATEMENT
Edition statement 3rd ed.
260 ## - PUBLICATION, DISTRIBUTION, ETC. (IMPRINT)
Place of publication, distribution, etc Delhi
Name of publisher, distributor, etc Excel Books
Date of publication, distribution, etc 2016
300 ## - PHYSICAL DESCRIPTION
Pages xxiii, 839 p.
500 ## - GENERAL NOTE
General note 3338 03/12/2018 HBD18/7450 09/07/2018 IHTM (SFS)
942 ## - ADDED ENTRY ELEMENTS (KOHA)
Koha item type Books
Holdings
Withdrawn status Lost status Damaged status Not for loan Location (home branch) Sublocation or collection (holding branch) Date acquired Koha issues (times borrowed) Koha full call number Accession No. Koha date last seen Koha item type Shelving location
        VIVEKANANDA LIBRARY VIVEKANANDA LIBRARY 26/07/2018   658.3 R18H(3) 373826 17/09/2023 Books  
        VIVEKANANDA LIBRARY VIVEKANANDA LIBRARY 26/07/2018 2 658.3 R18H(3) 373827 23/05/2025 Books  
        VIVEKANANDA LIBRARY VIVEKANANDA LIBRARY 26/07/2018 1 658.3 R18H(3) 386435 31/12/2024 Books IHTM Library
        VIVEKANANDA LIBRARY VIVEKANANDA LIBRARY 26/07/2018   658.3 R18H(3) 386436 17/09/2023 Books IHTM Library
        VIVEKANANDA LIBRARY VIVEKANANDA LIBRARY 26/07/2018 1 658.3 R18H(3) 386437 12/04/2024 Books IHTM Library
        VIVEKANANDA LIBRARY VIVEKANANDA LIBRARY 26/07/2018 1 658.3 R18H(3) 386438 24/09/2024 Books IHTM Library
        VIVEKANANDA LIBRARY VIVEKANANDA LIBRARY 26/07/2018   658.3 R18H(3) 386439 17/09/2023 Books IHTM Library
© Designed and Maintained by Vivekananda Library, MDU Rohtak